| 000 | 00503nam a2200205Ia 4500 | ||
|---|---|---|---|
| 003 | OSt | ||
| 005 | 20140311163110.0 | ||
| 008 | 140130s9999 xx 000 0 und d | ||
| 020 | _a059*0979396 | ||
| 050 |
_aPZ 10.3 _b.L6465Fr [ca.1980] |
||
| 100 |
_aLionni, Leo _930838 |
||
| 245 |
_aFrederick / _cLionni, Leo |
||
| 260 |
_bScholastic, _c1967. _aNew York : |
||
| 300 |
_bcol. ill. ; _c20 cm. |
||
| 440 |
_v1 _930839 |
||
| 521 | _aG3 | ||
| 526 | _c500 | ||
| 942 |
_cBK-SCHOLAS _2lcc |
||
| 999 |
_c40533 _d40533 |
||